[Event "DVM U10 2013"]
[Site "Magdeburg GER"]
[Date "2013.12.28"]
[Round "5"]
[White "Müller, Marvin"]
[Black "Breitzmann, Sander"]
[Result "0-1"]
[Termination "normal"]
[Board "6.2"]
[WhiteElo "871"]
[BlackElo "1411"]
[WhiteTeam "Hamburger SK"]
[BlackTeam "SV Empor Berlin"]
[WhiteFideId "16214528"]
[BlackFideId "12987085"]
[EventCountry "GER"]
[EventRounds "6"]
[EventType "team-swiss"]
[EventDate "2013.12.27"]

1. e4 e5 2. Nf3 Nc6 3. Bc4 Bc5 4. c3 Nf6 5. d4 exd4 6. cxd4 Bb4+ 7. Bd2 Bxd2+
8. Nbxd2 d5 9. exd5 Nxd5 10. O-O O-O 11. Re1 Nce7 12. Ne4 a6 13. Ng3 b5 14. Bb3
Bb7 15. a4 b4 16. Bc2 a5 17. Qd3 Nf6 18. Nh5 Ng6 19. Nxf6+ Qxf6 20. h4 Bxf3 21.
Qxf3 Qxf3 22. gxf3 Nxh4 23. Be4 Rad8 24. Rad1 Rfe8 25. Kf1 Ng6 26. b3 Nf4 27.
d5 g6 28. Rc1 f5 29. Bd3 Rxe1+ 30. Rxe1 Nxd3 31. Rd1 Nf4 32. Rd4 Nxd5 33. Rd2
Ne3+ 34. Ke2 Rxd2+ 35. Kxd2 f4 36. fxe3 fxe3+ 37. Kxe3 Kf7 38. Kf4 h6 39. Kg4
Ke6 40. Kf4 c5 41. Ke3 Kd5 42. Kd3 h5 43. Ke2 c4 44. bxc4+ Kxc4 45. Kd2 h4 46.
Ke2 b3 47. Kd2 h3 48. Ke3 h2 49. Ke4 h1=Q 50. Ke5 Qxf3 51. Kd6 Qf5 52. Kc6 Qd5+
53. Kb6 Qc5+ 54. Kb7 b2 55. Kb8 b1=Q+ 56. Ka8 Qc8+ 57. Ka7 Qbb7# 0-1

[Event "DVM U10 2013"]
[Site "Magdeburg GER"]
[Date "2013.12.28"]
[Round "5"]
[White "Pysarenko, Kyrill"]
[Black "Dietrich, Leif"]
[Result "1-0"]
[Termination "normal"]
[Board "6.3"]
[WhiteElo "1260"]
[BlackElo "779"]
[WhiteTeam "SV Empor Berlin"]
[BlackTeam "Hamburger SK"]
[WhiteFideId "12974250"]
[BlackFideId "16293860"]
[EventCountry "GER"]
[EventRounds "6"]
[EventType "team-swiss"]
[EventDate "2013.12.27"]

1. e4 c5 2. Nf3 Nc6 3. Bc4 d6 4. d4 cxd4 5. Nxd4 Nf6 6. Nc3 e5 7. Nxc6 bxc6 8.
O-O Bg4 9. Be2 Be6 10. f4 g6 11. fxe5 dxe5 12. Qxd8+ Rxd8 13. Rxf6 Be7 14. Rf1
Rg8 15. Be3 Rb8 16. b3 f6 17. Bxa7 Ra8 18. Be3 Kf7 19. Rab1 Raf8 20. a4 Bb4 21.
Na2 Be7 22. Bc4 Bxc4 23. bxc4 Ke6 24. Rb6 Kd7 25. c5 f5 26. Nb4 Rf6 27. a5 f4
28. Bf2 Ra8 29. a6 g5 30. Rd1+ Kc7 31. Rb7+ Kc8 32. Rxe7 g4 33. Re8+ Kc7 34.
Rxa8 f3 35. g3 h5 36. a7 Kb7 37. Rh8 Kxa7 38. Rxh5 Rf7 39. Rxe5 Kb7 40. Re6 Rg7
41. Rxc6 Ka7 42. Ra6+ Kb7 43. c6+ Kb8 44. Rd7 Kc8 1-0

[Event "DVM U10 2013"]
[Site "Magdeburg GER"]
[Date "2013.12.28"]
[Round "5"]
[White "Klaas, Heiko"]
[Black "Breitzmann, Malte"]
[Result "0-1"]
[Termination "normal"]
[Board "6.4"]
[WhiteElo "600"]
[BlackElo "1093"]
[WhiteTeam "Hamburger SK"]
[BlackTeam "SV Empor Berlin"]
[WhiteFideId "16215940"]
[EventCountry "GER"]
[EventRounds "6"]
[EventType "team-swiss"]
[EventDate "2013.12.27"]

1. e4 c5 2. Nf3 Nc6 3. d4 cxd4 4. Nxd4 g6 5. Nc3 Bg7 6. Nb3 Nf6 7. Be3 d6 8. f3
O-O 9. Qd2 Bd7 10. O-O-O Ne5 11. Be2 Rc8 12. g4 a6 13. h4 b5 14. h5 b4 15. Nb1
Qc7 16. Bxa6 Ra8 17. Qe2 Nxf3 18. Bd3 Ne5 19. Qd2 Rfc8 20. hxg6 fxg6 21. g5
Nfg4 22. Bd4 Nxd3+ 23. Qxd3 Bxd4 24. Nxd4 Nf2 25. Qd2 Nxd1 26. Qxd1 e5 27. Nb3
Rxa2 28. Qd2 Ba4 29. Rf1 Bxb3 30. Rf2 Ra5 31. Kd1 d5 32. Qxb4 Bxc2+ 33. Ke1
Bxb1 34. exd5 Qc1+ 35. Ke2 Qc2+ 36. Kf1 Qc4+ 37. Qxc4 Rxc4 38. d6 Rd4 39. b4
Ra6 40. Rb2 Bd3+ 41. Kg1 Bb5 42. d7 Rxd7 43. Kf2 Rad6 44. Ke3 Rd3+ 45. Ke4 Kf7
46. Kxe5 Re3+ 47. Kf4 Rdd3 48. Rf2 Ke6 49. Rh2 Rf3+ 50. Kg4 Ke5 51. Rh3 Bd7+
52. Kh4 Rxh3# 0-1

[Event "DVM U10 2013"]
[Site "Magdeburg GER"]
[Date "2013.12.28"]
[Round "5"]
[White "Kronhardt, David"]
[Black "Biermann, Lenhard"]
[Result "0-1"]
[Termination "normal"]
[Board "7.1"]
[WhiteElo "944"]
[BlackElo "1440"]
[WhiteTeam "SK Langen"]
[BlackTeam "TuS Ende"]
[BlackFideId "12970077"]
[EventCountry "GER"]
[EventRounds "6"]
[EventType "team-swiss"]
[EventDate "2013.12.27"]

1. d4 Nf6 2. Nc3 e6 3. e4 d5 4. e5 Nfd7 5. Nf3 c5 6. Be3 Nc6 7. Bb5 a6 8. Bxc6
bxc6 9. O-O cxd4 10. Bxd4 c5 11. Be3 d4 12. Bxd4 cxd4 13. Qxd4 Bc5 14. Qe4 Ra7
15. Rfd1 Qe7 16. Na4 O-O 17. Qc6 a5 18. Rxd7 Bxd7 19. Qxc5 Bxa4 20. Qxe7 Rxe7
21. b3 Bc6 22. c4 Bxf3 23. gxf3 Rd8 24. Kg2 Red7 25. f4 Rd1 0-1

[Event "DVM U10 2013"]
[Site "Magdeburg GER"]
[Date "2013.12.28"]
[Round "5"]
[White "Biermann, Florian"]
[Black "Riegel, Simon"]
[Result "1-0"]
[Termination "normal"]
[Board "7.2"]
[WhiteElo "1725"]
[BlackElo "975"]
[WhiteTeam "TuS Ende"]
[BlackTeam "SK Langen"]
[WhiteFideId "12970069"]
[BlackFideId "34628410"]
[EventCountry "GER"]
[EventRounds "6"]
[EventType "team-swiss"]
[EventDate "2013.12.27"]

1. Nf3 d5 2. c4 dxc4 3. e3 Nc6 4. Bxc4 e6 5. Nc3 Nf6 6. d4 Bd6 7. O-O Bd7 8. a3
O-O 9. b4 a6 10. e4 Ng4 11. h3 Nf6 12. e5 Ne8 13. exd6 cxd6 14. d5 Ne7 15. dxe6
fxe6 16. Qb3 Nc7 17. Nd4 d5 18. Bd3 Qe8 19. Qc2 Ng6 20. Bxg6 Qxg6 21. Qxg6 hxg6
22. Be3 e5 23. Nc2 d4 24. Rad1 Rad8 25. Bxd4 exd4 26. Rxd4 Bf5 27. Rfd1 Bxc2
28. Rxd8 Bxd1 29. Rxf8+ Kxf8 30. Nxd1 Nb5 31. a4 Na3 32. Kf1 Nc2 33. b5 axb5
34. axb5 Ke7 35. Ke2 Nd4+ 36. Kd3 Nxb5 37. Kc4 Nd6+ 38. Kd5 b5 39. Kc5 Ke6 40.
Nc3 Ke5 41. Nxb5 Nxb5 42. Kxb5 Kf4 43. Kc4 Ke4 44. Kc3 Kf4 45. Kd3 g5 46. Ke2
g4 47. hxg4 Kxg4 48. Ke3 g5 49. Ke4 Kh4 50. Kf5 g4 51. g3+ Kh3 52. Kf4 Kg2 53.
Kxg4 Kxf2 54. Kf4 Kg2 55. g4 Kh1 56. g5 Kh2 57. g6 Kh1 58. g7 Kh2 59. g8=Q Kh1
60. Kf3 1-0

[Event "DVM U10 2013"]
[Site "Magdeburg GER"]
[Date "2013.12.28"]
[Round "5"]
[White "Karl, Simon"]
[Black "Tiller, Moritz"]
[Result "1-0"]
[Termination "normal"]
[Board "7.3"]
[WhiteElo "899"]
[BlackElo "1039"]
[WhiteTeam "SK Langen"]
[BlackTeam "TuS Ende"]
[WhiteFideId "16217985"]
[EventCountry "GER"]
[EventRounds "6"]
[EventType "team-swiss"]
[EventDate "2013.12.27"]

1. d4 d5 2. c4 e6 3. Bf4 Nc6 4. e3 Bb4+ 5. Nd2 Nf6 6. a3 Bxd2+ 7. Qxd2 Ne4 8.
Qc2 O-O 9. Nf3 b6 10. Bd3 Ba6 11. Bxe4 dxe4 12. Qxe4 Bxc4 13. Ng5 f5 14. Qf3
Bd5 15. Qh5 h6 16. Nf3 Bxf3 17. Qxf3 Na5 18. O-O Nc4 19. Qe2 b5 20. b3 Nd6 21.
Bxd6 cxd6 22. Qxb5 Rb8 23. Qc4 Re8 24. b4 a5 25. Rfb1 axb4 26. axb4 Qg5 27. Qc6
Red8 28. b5 h5 29. b6 h4 30. Ra7 h3 31. g3 Rdc8 32. Qf3 e5 33. Qd5+ Kh7 34.
dxe5 dxe5 35. Qxe5 Qf6 36. Qa5 Qc6 37. Kf1 Qg2+ 38. Ke2 Qxh2 39. Qxf5+ Kh8 40.
Qg5 Rf8 41. Qxg7# 1-0

[Event "DVM U10 2013"]
[Site "Magdeburg GER"]
[Date "2013.12.28"]
[Round "5"]
[White "Dehn, Lukas"]
[Black "Reinecke, Alexander"]
[Result "1-0"]
[Termination "normal"]
[Board "7.4"]
[WhiteElo "824"]
[BlackElo "803"]
[WhiteTeam "TuS Ende"]
[BlackTeam "SK Langen"]
[BlackFideId "12991570"]
[EventCountry "GER"]
[EventRounds "6"]
[EventType "team-swiss"]
[EventDate "2013.12.27"]

1. e4 e5 2. Nf3 Nc6 3. Nc3 Nf6 4. d3 Bc5 5. Be2 O-O 6. O-O d6 7. Na4 Bg4 8.
Nxc5 dxc5 9. c4 Nd4 10. Nxd4 Qxd4 11. Bxg4 Nxg4 12. Qxg4 Qxd3 13. b3 Rfd8 14.
Ba3 Qd4 15. h3 Qd6 16. Rad1 Qc6 17. Rxd8+ Rxd8 18. Qh4 Rd4 19. Qg4 g6 20. Bb2
Rxe4 21. Qg5 Qd6 22. Qg3 a6 23. Qf3 Rh4 24. Qe3 Rh5 25. g4 Rh4 26. Bxe5 Qe7 27.
Bg3 Qxe3 28. fxe3 Rxh3 29. Be5 Rxe3 30. Bf6 Rg3+ 31. Kh2 Rxg4 32. Rd1 Rf4 33.
Rd8# 1-0

[Event "DVM U10 2013"]
[Site "Magdeburg GER"]
[Date "2013.12.28"]
[Round "5"]
[White "Bui, Bao Anh Le"]
[Black "Creß, Bastian"]
[Result "1-0"]
[Termination "normal"]
[Board "8.1"]
[WhiteElo "1522"]
[BlackElo "1302"]
[WhiteTeam "Treptower SV 1949 e.V."]
[BlackTeam "SG Blau-Weiß Stadtilm 1"]
[WhiteFideId "12970719"]
[BlackFideId "16208846"]
[EventCountry "GER"]
[EventRounds "6"]
[EventType "team-swiss"]
[EventDate "2013.12.27"]

1. e4 e5 2. Nf3 Nc6 3. Bc4 Bc5 4. c3 Nf6 5. d3 h6 6. Bb3 d6 7. Nbd2 Bg4 8. h3
Bh5 9. Nf1 Qd7 10. g4 Bg6 11. Ng3 O-O-O 12. Ba4 Rde8 13. b4 Bb6 14. Bb3 d5 15.
Qe2 dxe4 16. dxe4 Nxe4 17. Nxe4 Rd8 18. Bd2 Qd3 19. Ng3 e4 20. Qxd3 Rxd3 21.
Ng1 e3 22. Bxe3 Bxe3 23. fxe3 Rxe3+ 24. N1e2 Rhe8 25. Kf2 f6 26. Rad1 Bd3 27.
Rd2 Bxe2 28. Rxe2 Rxe2+ 29. Nxe2 Ne5 30. Rd1 Rd8 31. Be6+ Nd7 32. Nd4 c6 33.
Nb3 Kc7 34. Rxd7+ Rxd7 35. Bxd7 Kxd7 36. Nd4 Kd6 37. Nf5+ Ke5 38. Nxg7 Ke4 39.
Ke2 b6 40. Ne6 Ke5 41. Nd4 c5 42. Nc6+ Kf4 43. Kf2 cxb4 44. cxb4 a6 45. a4 f5
46. gxf5 Kxf5 47. a5 bxa5 48. bxa5 Ke6 49. Nb4 Kd6 50. Nxa6 Kc6 51. Kg3 Kb5 52.
Kg4 Kxa6 53. Kf5 Kxa5 54. Kg6 Kb6 55. Kxh6 Kc6 56. Kg7 Kd5 57. h4 Ke5 58. h5
Kf5 59. h6 1-0

[Event "DVM U10 2013"]
[Site "Magdeburg GER"]
[Date "2013.12.28"]
[Round "5"]
[White "Rapp, Lukas"]
[Black "Rusack, Noah"]
[Result "1-0"]
[Termination "normal"]
[Board "8.2"]
[WhiteElo "1058"]
[BlackElo "894"]
[WhiteTeam "SG Blau-Weiß Stadtilm 1"]
[BlackTeam "Treptower SV 1949 e.V."]
[WhiteFideId "12989320"]
[BlackFideId "12970700"]
[EventCountry "GER"]
[EventRounds "6"]
[EventType "team-swiss"]
[EventDate "2013.12.27"]

1. Nf3 c5 2. d3 Nc6 3. Nbd2 g6 4. g3 Bg7 5. Bg2 Nf6 6. O-O O-O 7. e4 d5 8. h3
Re8 9. Nh2 e6 10. f4 Nh5 11. Qe1 f5 12. e5 g5 13. Bf3 Nd4 14. Bd1 Bh8 15. c3
gxf4 16. cxd4 Nxg3 17. Rxf4 Qg5 18. Ndf3 Ne2+ 19. Kh1 Nxf4 20. Nxg5 Nxd3 21.
Qe2 c4 22. Bc2 Nxc1 23. Rxc1 Bg7 24. Qg2 b5 25. Rg1 Kh8 26. Nxe6 Bh6 27. Nc7
Be6 28. Nxa8 Rxa8 29. Qf3 Rg8 30. Rxg8+ Bxg8 31. Bxf5 1-0

[Event "DVM U10 2013"]
[Site "Magdeburg GER"]
[Date "2013.12.28"]
[Round "5"]
[White "Bahro, Paul"]
[Black "Werner, Linus"]
[Result "1-0"]
[Termination "normal"]
[Board "8.3"]
[WhiteElo "888"]
[BlackElo "892"]
[WhiteTeam "Treptower SV 1949 e.V."]
[BlackTeam "SG Blau-Weiß Stadtilm 1"]
[WhiteFideId "12957194"]
[EventCountry "GER"]
[EventRounds "6"]
[EventType "team-swiss"]
[EventDate "2013.12.27"]

1. e4 e5 2. Nf3 Nc6 3. Bc4 Bc5 4. c3 Nf6 5. d4 exd4 6. cxd4 Bb4+ 7. Nc3 Nxe4 8.
O-O Bxc3 9. bxc3 d5 10. Bd3 Bf5 11. Re1 O-O 12. Bxe4 Bxe4 13. Ne5 Nxe5 14. dxe5
Re8 15. h3 Rxe5 16. Bf4 Re7 17. f3 Bg6 18. Rxe7 Qxe7 19. Qxd5 c6 20. Qe5 Qxe5
21. Bxe5 Re8 22. Bd4 b6 23. c4 c5 24. Bf2 f6 25. Re1 Rb8 26. Bg3 Rb7 27. Bf2
Bf7 28. Re4 Rd7 29. h4 Rd1+ 30. Re1 Rd2 31. a3 Bxc4 32. Bg3 Ra2 33. Re3 Ra1+
34. Kh2 Bf7 35. Bb8 a5 36. Bc7 b5 37. Bxa5 Rb1 38. Rd3 b4 39. axb4 cxb4 40.
Rd8+ Be8 41. Rxe8+ Kf7 42. Rb8 b3 43. g4 Kg6 44. Kg3 f5 45. Bd2 fxg4 46. fxg4
Rd1 47. Be3 Rd3 48. Kf3 Kf6 49. Ke4 Rd1 50. Rxb3 Rh1 51. h5 Rh4 52. Rb6+ Kf7
53. Kf5 g6+ 54. hxg6+ hxg6+ 55. Kg5 Rh3 56. Rf6+ Ke7 57. Bc5+ Kd7 58. Rxg6 Rc3
59. Rd6+ Kc7 60. Bb4 Rc4 61. Ba3 Ra4 62. Rd3 Kc6 63. Kf6 Rxg4 64. Rd6+ Kb5 65.
Kf5 Rc4 66. Rd5+ Ka4 67. Be7 Kb3 68. Ke5 Kc3 69. Rd6 Rc5+ 70. Ke6 Kc4 71. Rd2
Rc6+ 72. Bd6 Kb5 73. Kd5 Rc4 74. Rb2+ 1-0

[Event "DVM U10 2013"]
[Site "Magdeburg GER"]
[Date "2013.12.28"]
[Round "5"]
[White "Pflugradt, Natalie"]
[Black "Schauties, Nico Antonio"]
[Result "1-0"]
[Termination "normal"]
[Board "8.4"]
[WhiteElo "878"]
[BlackElo "600"]
[WhiteTeam "SG Blau-Weiß Stadtilm 1"]
[BlackTeam "Treptower SV 1949 e.V."]
[WhiteFideId "16212444"]
[BlackFideId "16206371"]
[EventCountry "GER"]
[EventRounds "6"]
[EventType "team-swiss"]
[EventDate "2013.12.27"]

1. e4 e5 2. Nf3 Nc6 3. Bc4 Nf6 4. Nc3 Nxe4 5. Nxe4 d5 6. Bd3 dxe4 7. Bxe4 Bc5
8. d3 Bg4 9. Be3 Bb6 10. Qd2 O-O 11. O-O-O f5 12. Bxc6 bxc6 13. Rde1 f4 14.
Bxb6 cxb6 15. Nxe5 Bd7 16. Qc3 Qc7 17. Qc4+ Kh8 18. Nf7+ Rxf7 19. Qxf7 h6 20.
Re7 Rd8 21. Qxg7# 1-0

[Event "DVM U10 2013"]
[Site "Magdeburg GER"]
[Date "2013.12.28"]
[Round "5"]
[White "Kamp, Adrian"]
[Black "Fromm, Nick"]
[Result "1-0"]
[Termination "normal"]
[Board "9.1"]
[WhiteElo "998"]
[BlackElo "1287"]
[WhiteTeam "SK Münster 32"]
[BlackTeam "SV Caissa Kassel"]
[WhiteFideId "16222466"]
[BlackFideId "12958026"]
[EventCountry "GER"]
[EventRounds "6"]
[EventType "team-swiss"]
[EventDate "2013.12.27"]

1. e4 c5 2. d4 g6 3. d5 d6 4. Bd2 Bg7 5. Nf3 Nf6 6. Bb5+ Bd7 7. Bxd7+ Nbxd7 8.
O-O e5 9. dxe6 fxe6 10. Bg5 Qc7 11. Nc3 b6 12. Nb5 Qc6 13. Nxd6+ Ke7 14. e5
Nxe5 15. Nxe5 Qxd6 16. Qxd6+ Kxd6 17. Nf7+ Ke7 18. Nxh8 Rxh8 19. Rad1 Rd8 20.
Rxd8 Kxd8 21. Rd1+ Kc7 22. Bf4+ Kc8 23. Rd6 Nh5 24. Bg5 Bxb2 25. Rxe6 Ng7 26.
Re7 Kb8 27. Bf4+ Ka8 28. Be5 Nf5 29. Re8+ Kb7 30. Bxb2 a5 31. g4 Nh6 32. h3 a4
33. Re7+ Kc6 34. Rxh7 Ng8 35. Rg7 Nh6 36. Rxg6+ Kd5 37. Rxh6 b5 38. g5 b4 39.
g6 a3 40. Bf6 c4 41. g7 b3 42. g8=Q+ Kc5 43. Rh5+ 1-0

[Event "DVM U10 2013"]
[Site "Magdeburg GER"]
[Date "2013.12.28"]
[Round "5"]
[White "Kotliarevski, Dennis"]
[Black "Toval, David"]
[Result "0-1"]
[Termination "normal"]
[Board "9.2"]
[WhiteElo "1021"]
[BlackElo "996"]
[WhiteTeam "SV Caissa Kassel"]
[BlackTeam "SK Münster 32"]
[WhiteFideId "12995371"]
[BlackFideId "12992755"]
[EventCountry "GER"]
[EventRounds "6"]
[EventType "team-swiss"]
[EventDate "2013.12.27"]

1. e4 c5 2. f4 d6 3. Nf3 Nf6 4. Bc4 Nxe4 5. d3 Nf6 6. Nc3 e6 7. Be3 Be7 8. d4
cxd4 9. Bxd4 Nbd7 10. Qd2 a6 11. O-O-O b5 12. Bb3 Bb7 13. Bxf6 gxf6 14. Rhe1 h6
15. f5 e5 16. Bd5 Bxd5 17. Nxd5 Bf8 18. Qc3 Rc8 19. Qb3 Rg8 20. g3 Nb6 21. Qa3
Nxd5 22. Rxd5 Qc7 23. Nd4 Kd7 24. c3 exd4 25. Rd1 dxc3 26. Qxc3 Qxc3+ 27. bxc3
Rxc3+ 28. Kb2 Rf3 29. Rxd6+ Bxd6 30. Rxd6+ Ke7 31. Rxa6 Rf2+ 32. Kb3 Rxh2 33.
Kb4 Rxg3 34. Kxb5 Rh4 35. a4 Rg5 36. a5 Rxf5+ 37. Kb6 Ra4 38. Ra7+ Kf8 39. Ra8+
Kg7 40. a6 Rd5 41. a7 f5 42. Kb7 f4 43. Rc8 Rxa7+ 0-1

[Event "DVM U10 2013"]
[Site "Magdeburg GER"]
[Date "2013.12.28"]
[Round "5"]
[White "Hungeling, David"]
[Black "Simukov, Erik"]
[Result "1-0"]
[Termination "normal"]
[Board "9.3"]
[WhiteElo "863"]
[BlackElo "813"]
[WhiteTeam "SK Münster 32"]
[BlackTeam "SV Caissa Kassel"]
[WhiteFideId "16222440"]
[BlackFideId "12995380"]
[EventCountry "GER"]
[EventRounds "6"]
[EventType "team-swiss"]
[EventDate "2013.12.27"]

1. e4 e5 2. Nf3 Nc6 3. Bc4 Bc5 4. O-O Nf6 5. d3 d6 6. Bg5 h6 7. Bh4 g5 8. Bg3
Bd7 9. Nc3 Nd4 10. Nxd4 exd4 11. Nd5 c6 12. Nxf6+ Qxf6 13. a3 Bb6 14. Qh5 Qg6
15. Qxg6 fxg6 16. Bxd6 O-O-O 17. b4 Bc7 18. Bxc7 Kxc7 19. a4 a6 20. Rab1 b5 21.
axb5 axb5 22. Bb3 Kb6 23. Rfc1 Rc8 24. c4 dxc3 25. Rxc3 c5 26. bxc5+ Rxc5 27.
Rxc5 Kxc5 28. Rc1+ Kb4 29. Rb1 Kc5 30. Bf7 Be8 31. Bxe8 Rxe8 32. h3 Rb8 33. Kf1
b4 34. Ke2 b3 35. Kd2 Kd4 36. g4 h5 37. gxh5 gxh5 38. f3 Ke5 39. Kc3 Kf4 40.
Rxb3 Rxb3+ 41. Kxb3 g4 42. fxg4 hxg4 43. hxg4 Kxg4 1-0

[Event "DVM U10 2013"]
[Site "Magdeburg GER"]
[Date "2013.12.28"]
[Round "5"]
[White "Del Rio, Miguel"]
[Black "Schröder, Lennart"]
[Result "0-1"]
[Termination "normal"]
[Board "9.4"]
[WhiteElo "885"]
[BlackElo "600"]
[WhiteTeam "SV Caissa Kassel"]
[BlackTeam "SK Münster 32"]
[BlackFideId "16222490"]
[EventCountry "GER"]
[EventRounds "6"]
[EventType "team-swiss"]
[EventDate "2013.12.27"]

1. e4 e5 2. Nf3 Nc6 3. Nc3 Bc5 4. Bc4 Nf6 5. Ng5 d5 6. Nxd5 Nxd5 7. Bxd5 O-O 8.
Nf3 Re8 9. O-O Bg4 10. h3 Bh5 11. d3 Nd4 12. Qd2 Bxf3 13. Bxb7 Rb8 14. Bd5 Qf6
15. Qc3 Ne2+ 16. Kh1 Nxc3 17. bxc3 Bh5 18. Be3 Bb6 19. c4 c6 20. c5 cxd5 21.
cxb6 axb6 22. a4 d4 23. Bd2 Be2 24. Rfe1 Qxf2 25. a5 bxa5 26. Rxa5 Re6 27. Bb4
h6 28. Bd2 Rg6 29. Rg1 Bf1 30. Be1 Qxe1 31. Rxf1 Qxf1+ 32. Kh2 Qxg2# 0-1

[Event "DVM U10 2013"]
[Site "Magdeburg GER"]
[Date "2013.12.28"]
[Round "5"]
[White "Gheng, Dominik"]
[Black "Rose, Noah"]
[Result "1-0"]
[Termination "normal"]
[Board "10.1"]
[WhiteElo "1561"]
[BlackElo "845"]
[WhiteTeam "Schach-Kids Bernhausen 1"]
[BlackTeam "BSG Grün-Weiß Leipzig 2"]
[WhiteFideId "12906778"]
[BlackFideId "12990191"]
[EventCountry "GER"]
[EventRounds "6"]
[EventType "team-swiss"]
[EventDate "2013.12.27"]

1. e4 e5 2. Nf3 Nc6 3. Bb5 a6 4. Ba4 b5 5. Bb3 Bc5 6. O-O Nf6 7. c3 Nxe4 8. d4
exd4 9. cxd4 Bb6 10. Re1 d5 11. Bc2 O-O 12. Bxe4 dxe4 13. Rxe4 Bf5 14. Rf4 Bg6
15. Be3 Re8 16. Nc3 Re7 17. Nh4 Qe8 18. Nxg6 fxg6 19. Nd5 Re6 20. Nxb6 cxb6 21.
d5 Rxe3 22. fxe3 Qxe3+ 23. Rf2 Rf8 24. Qd2 Qxd2 25. Rxd2 Nb8 26. d6 Nd7 27. Re1
Rf6 28. Re3 Rf7 29. Rde2 Rf6 30. Re7 Rf7 {Rest nicht nachvollziehbar} 1-0

[Event "DVM U10 2013"]
[Site "Magdeburg GER"]
[Date "2013.12.28"]
[Round "5"]
[White "Gäbler, Jakob"]
[Black "Grube, Olaf"]
[Result "0-1"]
[Termination "normal"]
[Board "10.2"]
[WhiteElo "948"]
[BlackElo "1224"]
[WhiteTeam "BSG Grün-Weiß Leipzig 2"]
[BlackTeam "Schach-Kids Bernhausen 1"]
[WhiteFideId "16214536"]
[BlackFideId "12956988"]
[EventCountry "GER"]
[EventRounds "6"]
[EventType "team-swiss"]
[EventDate "2013.12.27"]

1. e4 e5 2. Nf3 Nc6 3. Bc4 Bc5 4. Nc3 Nf6 5. d3 h6 6. Be3 Bb6 7. Qd2 O-O 8.
O-O-O d6 9. h3 Be6 10. Bxe6 fxe6 11. g4 d5 12. exd5 exd5 13. g5 hxg5 14. Bxg5
Ba5 15. Rhg1 d4 16. Bh6 Rf7 17. Rg6 Ne8 18. Rdg1 dxc3 19. bxc3 e4 20. Ng5 0-1

[Event "DVM U10 2013"]
[Site "Magdeburg GER"]
[Date "2013.12.28"]
[Round "5"]
[White "Floeter, Nico"]
[Black "Junghans, Richard"]
[Result "1/2-1/2"]
[Termination "normal"]
[Board "10.3"]
[WhiteElo "1078"]
[BlackElo "789"]
[WhiteTeam "Schach-Kids Bernhausen 1"]
[BlackTeam "BSG Grün-Weiß Leipzig 2"]
[BlackFideId "16214544"]
[EventCountry "GER"]
[EventRounds "6"]
[EventType "team-swiss"]
[EventDate "2013.12.27"]

1. e4 e5 2. Nf3 Nc6 3. Bb5 a6 4. Ba4 b5 5. Bb3 Bc5 6. O-O Nf6 7. Re1 d5 8. d3
Bg4 9. c3 O-O 10. Nbd2 Qd7 11. Nf1 h6 12. Ng3 Rfe8 13. Bc2 Red8 14. d4 exd4 15.
cxd4 Bxd4 16. h3 Bxf3 17. Qxf3 Nb4 18. Bb3 Re8 19. a3 Nc6 20. Bd2 Rad8 21. Rab1
a5 22. Bc2 Be5 23. Rbd1 d4 24. Nf5 d3 25. Be3 b4 26. a4 Bxb2 27. Qg3 Nh5 28.
Qg4 g6 29. Nxh6+ Kg7 30. Nf5+ Kh7 1/2-1/2

[Event "DVM U10 2013"]
[Site "Magdeburg GER"]
[Date "2013.12.28"]
[Round "5"]
[White "Keil, Emil"]
[Black "Kühne, Leon"]
[Result "1-0"]
[Termination "normal"]
[Board "11.1"]
[WhiteElo "848"]
[BlackElo "1256"]
[WhiteTeam "SV Empor Erfurt 2"]
[BlackTeam "Schachzwerge Magdeburg 1"]
[BlackFideId "12943568"]
[EventCountry "GER"]
[EventRounds "6"]
[EventType "team-swiss"]
[EventDate "2013.12.27"]

1. e4 e5 2. Nf3 Nc6 3. Bc4 Bc5 4. Nc3 d6 5. d3 Bg4 6. Be3 Bb6 7. h3 Bh5 8. g4
Bg6 9. Qd2 Ba5 10. O-O-O h6 11. Qe1 Qf6 12. Nh2 Nd4 13. Bd2 Ne7 14. Rf1 Nf3 15.
Nxf3 Qxf3 16. Nb5 Bxd2+ 17. Qxd2 O-O 18. Qe3 Qxe3+ 19. fxe3 c6 20. Nxd6 b5 21.
Bb3 Rad8 22. Nb7 Rd7 23. Nc5 Rd6 24. h4 h5 25. gxh5 Bxh5 26. Rd2 Ng6 27. Rdf2
Bg4 28. Bxf7+ Rxf7 29. Rxf7 Nxh4 30. Rf8+ Kh7 31. Nb7 Rd7 32. Nd8 Ng6 33. Rh1+
Nh4 34. Rxh4+ Bh5 35. Rxh5+ Kg6 36. Rh1 a5 37. Rg1+ Kh7 38. Nf7 Rxf7 39. Rxf7
c5 40. Rc7 Kh6 41. Rxc5 g5 42. Rxe5 b4 43. Rexg5 a4 44. R5g2 a3 45. Rh2# 1-0

[Event "DVM U10 2013"]
[Site "Magdeburg GER"]
[Date "2013.12.28"]
[Round "5"]
[White "Morgenstern, Tobias"]
[Black "Greim, Fridolin"]
[Result "1-0"]
[Termination "normal"]
[Board "11.2"]
[WhiteElo "1073"]
[BlackElo "888"]
[WhiteTeam "Schachzwerge Magdeburg 1"]
[BlackTeam "SV Empor Erfurt 2"]
[WhiteFideId "12974390"]
[BlackFideId "16212320"]
[EventCountry "GER"]
[EventRounds "6"]
[EventType "team-swiss"]
[EventDate "2013.12.27"]

1. e4 e5 2. Nf3 Nc6 3. Bc4 Bc5 4. d3 d6 5. Ng5 d5 6. Bxd5 Be6 7. Bxe6 fxe6 8.
O-O Qf6 9. Qh5+ g6 10. Qh3 Nd4 11. Nc3 Nxc2 12. Rb1 Bb6 13. b4 a5 14. bxa5 Bxa5
15. Nb5 Kd8 16. Nd4 Rc8 17. Rxb7 exd4 18. Nxe6+ Ke8 19. Bg5 Qf7 20. Ng7+ Qxg7
21. Qxc8+ Kf7 22. Qd7+ Kf8 23. Rb8# 1-0

[Event "DVM U10 2013"]
[Site "Magdeburg GER"]
[Date "2013.12.28"]
[Round "5"]
[White "Meyers, Jakob"]
[Black "Wernecke, Tim"]
[Result "0-1"]
[Termination "normal"]
[Board "11.3"]
[WhiteElo "760"]
[BlackElo "986"]
[WhiteTeam "SV Empor Erfurt 2"]
[BlackTeam "Schachzwerge Magdeburg 1"]
[BlackFideId "12997137"]
[EventCountry "GER"]
[EventRounds "6"]
[EventType "team-swiss"]
[EventDate "2013.12.27"]

1. e4 e5 2. Nf3 Nc6 3. Bc4 Bc5 4. Nc3 Nf6 5. d3 Ng4 6. O-O O-O 7. Bg5 Nf6 8.
Nd5 Be7 9. d4 exd4 10. Nxd4 Nxe4 11. Nxe7+ Nxe7 12. Bxe7 Qxe7 13. Qe2 Re8 14.
Rfe1 c6 15. f3 d5 16. Bd3 Qe5 17. c3 c5 18. Nc2 Bf5 19. Bb5 Re7 20. g4 a6 21.
Ba4 b5 22. gxf5 Rae8 23. fxe4 Qxe4 24. Qxe4 Rxe4 25. Rxe4 dxe4 26. Bxb5 axb5
27. Re1 g6 28. fxg6 fxg6 29. Kg2 Kf7 30. Kg3 Kf6 31. Kf4 g5+ 32. Kg4 h5+ 33.
Kg3 Kf5 34. b4 c4 35. Rf1+ Kg6 36. h4 gxh4+ 37. Kxh4 e3 38. Re1 Kf5 39. Nd4+
Kf4 40. Nxb5 Kf3 41. Kxh5 Kf2 42. Ra1 e2 43. a4 e1=Q 44. Rxe1 Rxe1 45. a5 Re5+
46. Kg6 Rxb5 47. Kf6 Ke3 48. Ke6 Kd3 49. Kd6 Kxc3 50. Kc6 Kxb4 51. a6 Ra5 52.
Kb7 Rxa6 53. Kxa6 c3 54. Kb6 c2 55. Kc6 c1=Q+ 56. Kd6 Qd1+ 57. Ke5 Qe1+ 58. Kf4
Kc4 59. Kf5 Kd5 60. Kf4 Kd4 61. Kf5 Qe3 62. Kf6 Qe4 63. Kg5 Qf3 64. Kg6 Qf4 65.
Kg7 Qf5 66. Kg8 Qf6 67. Kh7 Qg5 68. Kh8 Ke5 69. Kh7 Kf6 70. Kh8 Kf7 71. Kh7
Qg7# 0-1